000
00266nam a2200121Ia 4500
008
190216s9999||||xx |||||||||||||| ||und||
100
_a
Abbas K A
245
0
_a
Maria
260
_b
Orient Paper Back
_c
1970
300
_a
168p
650
_a
English Novel
942
_c
BK
999
_c
12280
_d
12280